[Event "nurmalso scandinavian opening"]
[Site "SchemingMind.com"]
[Date "2017.05.16"]
[Round "-"]
[White "maro"]
[Black "frankly"]
[Result "0-1"]
[WhiteCountry "MEX"]
[BlackCountry "ENG"]
[WhiteElo "1397"]
[WhiteRD "69"]
[BlackElo "2533"]
[BlackRD "59"]
[GameID "413888"]

1. e4 d5 2. exd5 Qxd5 3. b3 Qe5+ 4. Be2 Qxa1 5. Nc3 Nf6 6. d3 Qxc3+ 7. Bd2 Qb2 8. Nf3 Nc6 9. O-O e5 10. d4 e4
11. Ng5 h6 12. Nxf7 Kxf7 13. Bc4+ Kg6 14. f4 Qxd4+ 15. Be3 Qxe3+ 16. Kh1 Bd6 17. f5+ Bxf5 18. Re1 Qf4 19. g3 Qf3+ 20. Qxf3 exf3
0-1

[Event "nurmalso scandinavian opening"]
[Site "SchemingMind.com"]
[Date "2017.05.16"]
[Round "-"]
[White "frankly"]
[Black "maro"]
[Result "1-0"]
[WhiteCountry "ENG"]
[BlackCountry "MEX"]
[WhiteElo "2543"]
[WhiteRD "62"]
[BlackElo "1347"]
[BlackRD "72"]
[GameID "413889"]

1. e4 d5 2. exd5 Nf6 3. d4 e6 4. Bb5+ Bd7 5. Bxd7+ Qxd7 6. dxe6 Qxe6+ 7. Ne2 Ng4 8. O-O Qd6 9. Ng3 Nd7 10. Qxg4 O-O-O
11. Nc3 h5 12. Qf3 Qxd4 13. Qxf7 h4 14. Nge4 g5 15. Bxg5 Ne5 16. Qe6+ Kb8 17. Rad1
1-0

[Event "nurmalso scandinavian opening"]
[Site "SchemingMind.com"]
[Date "2017.05.16"]
[Round "-"]
[White "maro"]
[Black "Chivas"]
[Result "1-0"]
[WhiteCountry "MEX"]
[BlackCountry "NOR"]
[WhiteElo "1468"]
[WhiteRD "64"]
[BlackElo "2062"]
[BlackRD "135"]
[GameID "413890"]

1. e4 d5 2. exd5 Nf6 3. Bb5+ Nbd7 4. Nc3 a6 5. Ba4 b5 6. Bb3 Bb7 7. Nf3 Nc5 8. O-O Nxb3 9. axb3 Nxd5 10. d4 e6
11. Nxd5 Qxd5 12. Bf4 c5 13. c3 cxd4 14. cxd4 Bb4 15. Be5 O-O 16. Rc1 Rfc8 17. Rxc8+ Rxc8 18. Qe2 Qxb3 19. Nh4 Rc2 20. Qg4 Bf8
21. Re1
1-0

[Event "nurmalso scandinavian opening"]
[Site "SchemingMind.com"]
[Date "2017.05.16"]
[Round "-"]
[White "Chivas"]
[Black "maro"]
[Result "1-0"]
[WhiteCountry "NOR"]
[BlackCountry "MEX"]
[WhiteElo "1968"]
[WhiteRD "172"]
[BlackElo "1372"]
[BlackRD "69"]
[GameID "413891"]

1. e4 d5 2. exd5 Qxd5 3. Nc3 Qe6+ 4. Be2 Nf6 5. Nf3 g6 6. d4 Bg7 7. O-O O-O 8. Bf4 c6 9. Re1 a6 10. Qd2 a5
11. Na4 b5 12. Nb6 Ra7 13. Bd3 Nbd7 14. Rxe6
1-0

[Event "nurmalso scandinavian opening"]
[Site "SchemingMind.com"]
[Date "2017.05.11"]
[Round "-"]
[White "frankly"]
[Black "Chivas"]
[Result "1-0"]
[WhiteCountry "ENG"]
[BlackCountry "NOR"]
[WhiteElo "2543"]
[WhiteRD "60"]
[BlackElo "1968"]
[BlackRD "172"]
[GameID "413892"]

1. e4 d5 2. exd5 Nf6 3. d4 Bg4 4. f3 Bf5 5. g4 Bg6 6. c4 e6 7. g5 Nfd7 8. Nc3 Be7 9. h4 O-O 10. Nge2 c5
11. h5 Bf5 12. f4 Na6 13. Ng3 cxd4 14. Nxf5 dxc3 15. Nxe7+ Qxe7 16. d6 cxb2 17. Bxb2 Qd8 18. Qd2 Nac5 19. O-O-O e5 20. g6 h6
21. fxe5 Ne4 22. Qe3 Qg5 23. Qxg5 Nxg5 24. Bg2 Ne6 25. gxf7+ Rxf7 26. Bxb7 Rb8 27. Bd5 Ndf8 28. Rhf1 Rxf1 29. Rxf1 Kh8 30. Kc2 a5
31. Bc3 a4 32. Rf7 Rd8 33. Kd3
1-0

[Event "nurmalso scandinavian opening"]
[Site "SchemingMind.com"]
[Date "2017.05.11"]
[Round "-"]
[White "Chivas"]
[Black "frankly"]
[Result "1/2-1/2"]
[WhiteCountry "NOR"]
[BlackCountry "ENG"]
[WhiteElo "2062"]
[WhiteRD "135"]
[BlackElo "2526"]
[BlackRD "63"]
[GameID "413893"]

1. e4 d5 2. exd5 Nf6 3. c4 c6 4. d4 cxd5 5. Nc3 Nc6 6. Bg5 Be6 7. a3 g6 8. Bxf6 exf6 9. cxd5 Bxd5 10. Qe2+ Ne7
11. Nxd5 Qxd5 12. Qb5+ Qd7 13. Qxd7+ Kxd7 14. Bc4 Nf5 15. Bxf7 Ke7 16. Ba2 Nxd4 17. O-O-O Rd8 18. Re1+ Kd7 19. Ne2 Kc7 20. Kb1 Bc5
21. Nxd4 Rxd4 22. Rc1 Kb6 23. Rhe1 Rhd8 24. Re6+ R4d6 25. Rxd6+= Rxd6 26. f3 g5 27. Bg8 h5 28. Bh7 Rd2 29. Rc2 Rd1+ 30. Rc1 Rxc1+
31. Kxc1 Bg1 32. h4 Kc5 33. Kc2 Kd4 34. hxg5 fxg5 35. Bg6 h4 36. b3 Bh2 37. Kd2 Bf4+ 38. Ke2 Kc3 39. Bf7 b5 40. a4 bxa4
41. bxa4 Kb4=
1/2-1/2

[Event "nurmalso scandinavian opening"]
[Site "SchemingMind.com"]
[Date "2017.05.27"]
[Round "-"]
[White "anne"]
[Black "maro"]
[Result "1-0"]
[WhiteCountry "GER"]
[BlackCountry "MEX"]
[WhiteElo "2273"]
[WhiteRD "90"]
[BlackElo "1372"]
[BlackRD "69"]
[GameID "414362"]

1. e4 d5 2. e5 e6 3. d4 Nc6 4. Nf3 h6 5. c3 Be7 6. h4 Na5 7. Nbd2 a6 8. b4 Nc4 9. Nxc4 dxc4 10. Bxc4 b5
11. Bd3 c5 12. dxc5 f5 13. a4 bxa4 14. Qxa4+ Kf7 15. Bc4 Qc7 16. O-O h5 17. Rd1 Nh6 18. Bg5 Bxg5 19. Nxg5+ Ke7 20. Rd6 Rd8
21. Bxe6 Bxe6 22. Rxe6+ Kf8 23. Rxh6 Qxe5 24. Qa2 Ra7 25. Rh8+ Ke7 26. Qf7#
1-0

[Event "nurmalso scandinavian opening"]
[Site "SchemingMind.com"]
[Date "2017.05.28"]
[Round "-"]
[White "maro"]
[Black "anne"]
[Result "0-1"]
[WhiteCountry "MEX"]
[BlackCountry "GER"]
[WhiteElo "1397"]
[WhiteRD "69"]
[BlackElo "2240"]
[BlackRD "90"]
[GameID "414363"]

1. e4 d5 2. c3 dxe4 3. Qa4+ Nc6 4. Qxe4 Nf6 5. Qc2 e5 6. Bc4 Be7 7. d4 exd4 8. cxd4 Nxd4 9. Qa4+ Qd7 10. Bxf7+ Kxf7
11. Qc4+ Qe6+ 12. Qxe6+ Bxe6 13. a4 Nc2+ 14. Ke2 Bc4+ 15. Kf3 Ne1+ 16. Kg3 Bd6+ 17. f4 Ne4+ 18. Kh3 h5 19. Be3 Be6+ 20. Kh4 Nxg2#
0-1

[Event "nurmalso scandinavian opening"]
[Site "SchemingMind.com"]
[Date "2017.05.25"]
[Round "-"]
[White "anne"]
[Black "frankly"]
[Result "0-1"]
[WhiteCountry "GER"]
[BlackCountry "ENG"]
[WhiteElo "2240"]
[WhiteRD "90"]
[BlackElo "2533"]
[BlackRD "59"]
[GameID "414364"]

1. e4 d5 2. e5 c5 3. Nf3 Nc6 4. Bb5 Qc7 5. Nc3 e6 6. O-O Ne7 7. d4 cxd4 8. Nxd4 a6 9. Bxc6+ bxc6 10. Re1 c5
11. Nf3 Bb7 12. Ne2 Ng6 13. Nf4 Be7 14. Qd3 O-O 15. b3 a5 16. Nxg6 fxg6 17. Ng5 Rf5 18. Qg3 Qc6 19. Bd2 a4 20. h4 d4
21. Ne4 axb3 22. cxb3 Qd5 23. Bg5 Bxg5 24. Nxg5 Bc6 25. Kh2 h6 26. Ne4 Qxe5 27. Nd6 Qxg3+ 28. Kxg3 Rh5 29. f3 Bd5 30. Rec1 g5
31. hxg5 Rxg5+ 32. Kf2 Ra5 33. Nc4 Bxc4 34. Rxc4 Ra3 35. Rc2 Kf7 36. Re1 h5 37. Re4 e5 38. Re1 Ke6 39. Ra1 Ra5 40. a4 Rg6
41. Rh1 Rh6 42. Kg3 Kd5 43. Re1 h4+ 44. Kh3 Rb6 45. Rb2 d3 46. Rbb1 Rb4
0-1

[Event "nurmalso scandinavian opening"]
[Site "SchemingMind.com"]
[Date "2017.05.25"]
[Round "-"]
[White "frankly"]
[Black "anne"]
[Result "1-0"]
[WhiteCountry "ENG"]
[BlackCountry "GER"]
[WhiteElo "2543"]
[WhiteRD "62"]
[BlackElo "2228"]
[BlackRD "87"]
[GameID "414365"]

1. e4 d5 2. exd5 Nf6 3. d4 Nxd5 4. c4 Nb6 5. Nf3 c5 6. Nc3 g6 7. dxc5 Qxd1+ 8. Kxd1 N6d7 9. Nb5 Na6 10. b4 Bg7
11. Rb1 b6 12. c6 Ndb8 13. Nbd4 O-O 14. Be3 f5 15. b5 f4 16. Bd2 Nc5 17. Kc1 e5 18. Nb3 Ne4 19. Be1 Re8 20. c5 bxc5
21. Bc4+ Be6 22. Na5 Bxc4 23. Nxc4 a6 24. a4 axb5 25. axb5 Ra4 26. Nb6 Ra7 27. Nd5 Nd6 28. b6
1-0

[Event "nurmalso scandinavian opening"]
[Site "SchemingMind.com"]
[Date "2017.05.26"]
[Round "-"]
[White "anne"]
[Black "Chivas"]
[Result "1-0"]
[WhiteCountry "GER"]
[BlackCountry "NOR"]
[WhiteElo "2395"]
[WhiteRD "86"]
[BlackElo "1886"]
[BlackRD "122"]
[GameID "414366"]

1. e4 d5 2. e5 c5 3. Nf3 Nc6 4. Bb5 Bg4 5. Bxc6+ bxc6 6. d3 e6 7. Nbd2 Ne7 8. h3 Bxf3 9. Nxf3 Ng6 10. O-O Be7
11. Qe2 Rb8 12. b3 O-O 13. Rb1 h6 14. g3 Qb6 15. c4 a5 16. h4 Rfc8 17. Bd2 a4 18. h5 Nf8 19. bxa4 Qxb1 20. Rxb1 Rxb1+
21. Kg2 Rb2 22. Qd1 Rcb8 23. a3 Rb1 24. Bc1 Nd7 25. a5 Ra8 26. cxd5 cxd5 27. Qa4 Ra7 28. Bd2 Rb2 29. d4 cxd4 30. Bb4 Bc5
31. Ne1 Ra2 32. Qb3 Bxb4 33. axb4 Re2 34. Qd1 Rxe5 35. Nf3 Re4 36. Nxd4
1-0

[Event "nurmalso scandinavian opening"]
[Site "SchemingMind.com"]
[Date "2017.05.26"]
[Round "-"]
[White "Chivas"]
[Black "anne"]
[Result "0-1"]
[WhiteCountry "NOR"]
[BlackCountry "GER"]
[WhiteElo "1886"]
[WhiteRD "122"]
[BlackElo "2395"]
[BlackRD "86"]
[GameID "414367"]

1. e4 d5 2. exd5 Nf6 3. c4 c6 4. d4 cxd5 5. Nc3 g6 6. Qb3 Bg7 7. cxd5 O-O 8. Be2 b6 9. Bf3 Bb7 10. Nge2 Qd7
11. O-O Rd8 12. Nf4 Na6 13. Re1 Rab8 14. h3 Nc7 15. Qa3 Re8 16. Qxa7 Ba6 17. d6 Qxd6 18. Nfd5 Nfxd5 19. Nxd5 Nxd5 20. Qxa6 Nb4
21. Qe2 Rbc8 22. Rd1 Nc2 23. Rb1 Nxd4 24. Qd3 Red8 25. Bd2 Qe6 26. Bg5 Nxf3+ 27. Qxf3 Rxd1+ 28. Rxd1 Bxb2 29. Qb7 Ba3 30. Rd7 Re8
31. Be3 Bd6 32. a4 h5 33. h4 Qg4 34. g3 Bxg3
0-1

[Event "nurmalso scandinavian opening"]
[Site "SchemingMind.com"]
[Date "2017.06.12"]
[Round "-"]
[White "anne"]
[Black "Scooter"]
[Result "1-0"]
[WhiteCountry "GER"]
[BlackCountry "USA"]
[WhiteElo "2228"]
[WhiteRD "87"]
[BlackElo "1732"]
[BlackRD "51"]
[GameID "414980"]

1. e4 d5 2. exd5 Qxd5 3. Nc3 Qd8 4. d4 Nf6 5. Nf3 Bg4 6. h3 Bxf3 7. Qxf3 c6 8. Be3 e6 9. Bd3 Bb4 10. O-O Bxc3
11. bxc3 Nd5 12. Qg3 Nxe3 13. Qxg7 Nxf1 14. Qxh8+ Ke7 15. Qxh7 Nd2 16. Qh4+ Kd7 17. Qf4 Ke7 18. Qg5+ Kd7 19. Qxd2
1-0

[Event "nurmalso scandinavian opening"]
[Site "SchemingMind.com"]
[Date "2017.06.13"]
[Round "-"]
[White "maro"]
[Black "Scooter"]
[Result "0-1"]
[WhiteCountry "MEX"]
[BlackCountry "USA"]
[WhiteElo "1347"]
[WhiteRD "72"]
[BlackElo "1732"]
[BlackRD "51"]
[GameID "414982"]

1. e4 d5 2. exd5 Qxd5 3. Nc3 Qd8 4. Bb5+ Bd7 5. Qh5 Nf6 6. Qf3 c6 7. Bc4 e6 8. d4 Bb4 9. Bd2 O-O 10. Nge2 Bxc3
11. Nxc3 Nd5 12. Ne4 Qe7 13. a3 e5 14. Bg5 f6 15. Bxd5+ cxd5 16. Qb3 fxg5 17. Qxd5+ Kh8 18. dxe5 Bc6 19. Qd4 Rf4 20. f3 Bxe4
21. fxe4 Nc6 22. Qc4 Qxe5 23. O-O-O Rxe4 24. Qb3 b5 25. Rhf1 Nd4 26. Qb4 Ne2+
0-1

[Event "nurmalso scandinavian opening"]
[Site "SchemingMind.com"]
[Date "2017.06.13"]
[Round "-"]
[White "Scooter"]
[Black "maro"]
[Result "1-0"]
[WhiteCountry "USA"]
[BlackCountry "MEX"]
[WhiteElo "1732"]
[WhiteRD "51"]
[BlackElo "1347"]
[BlackRD "72"]
[GameID "414983"]

1. e4 d5 2. exd5 Qxd5 3. Nc3 Qc5 4. d3 Nf6 5. Be3 Qe5 6. Nf3 Qa5 7. Be2 e5 8. O-O Bb4 9. Bd2 O-O 10. a3 Bxc3
11. Bxc3 Qc5 12. Bb4 Qc6 13. Bxf8 Kxf8 14. Nxe5 Qd5 15. Nc4 Nc6 16. Bf3 Qg5 17. Qd2 Qg6 18. Bxc6 bxc6 19. Qa5 Bh3 20. Ne3 Re8
21. g3 Ng4 22. Rfe1 Qf6 23. Nxg4 Bxg4 24. Qb4+
1-0

[Event "nurmalso scandinavian opening"]
[Site "SchemingMind.com"]
[Date "2017.06.12"]
[Round "-"]
[White "Scooter"]
[Black "frankly"]
[Result "0-1"]
[WhiteCountry "USA"]
[BlackCountry "ENG"]
[WhiteElo "1739"]
[WhiteRD "53"]
[BlackElo "2527"]
[BlackRD "58"]
[GameID "414984"]

1. e4 d5 2. exd5 Nf6 3. Bc4 Nxd5 4. Bxd5 Qxd5 5. Nf3 Qe4+ 6. Kf1 Nc6 7. Nc3 Qf5 8. d3 e5 9. Be3 Be7 10. Nd5 Bd6
11. Bc5 Bxc5 12. Nxc7+ Ke7 13. Nxa8 Bd6 14. Qe2 Be6 15. Qe4 Rxa8 16. Qxf5 Bxf5 17. Nh4 Be6 18. g3 Nb4 19. c3 Nxd3
0-1

[Event "nurmalso scandinavian opening"]
[Site "SchemingMind.com"]
[Date "2017.06.12"]
[Round "-"]
[White "frankly"]
[Black "Scooter"]
[Result "1-0"]
[WhiteCountry "ENG"]
[BlackCountry "USA"]
[WhiteElo "2527"]
[WhiteRD "58"]
[BlackElo "1739"]
[BlackRD "53"]
[GameID "414985"]

1. e4 d5 2. exd5 Qxd5 3. Nc3 Qd8 4. d4 Nf6 5. Nf3 Bg4 6. h3 Bxf3 7. Qxf3 c6 8. Be3 Nd5 9. Nxd5 cxd5 10. O-O-O g6
11. Kb1 Bg7 12. g4 O-O 13. h4 Nc6 14. h5 e5 15. hxg6 fxg6 16. Qh3 Kf7 17. dxe5 Nxe5 18. Bg2 Nc4 19. Bxd5+
1-0

[Event "nurmalso scandinavian opening"]
[Site "SchemingMind.com"]
[Date "2017.06.13"]
[Round "-"]
[White "Chivas"]
[Black "Scooter"]
[Result "1-0"]
[WhiteCountry "NOR"]
[BlackCountry "USA"]
[WhiteElo "1968"]
[WhiteRD "175"]
[BlackElo "1711"]
[BlackRD "52"]
[GameID "414987"]

1. e4 d5 2. exd5 Qxd5 3. Nc3 Qd8 4. d4 Bf5 5. Qf3 Bxc2 6. Qxb7 Nd7 7. Nb5 Rc8 8. Nxa7 Rb8 9. Qc6 Bg6 10. Nb5 Rc8
11. Bf4 e6 12. Nxc7+
1-0

[Event "nurmalso scandinavian opening"]
[Site "SchemingMind.com"]
[Date "2017.06.14"]
[Round "-"]
[White "anne"]
[Black "David Perna-Fraser"]
[Result "1-0"]
[WhiteCountry "GER"]
[BlackCountry "CAN"]
[WhiteElo "2273"]
[WhiteRD "90"]
[BlackElo "2052"]
[BlackRD "72"]
[GameID "415128"]

1. e4 d5 2. exd5 Nf6 3. Be2 c6 4. dxc6 Nxc6 5. Nf3 e5 6. O-O Be7 7. Nc3 e4 8. Ng5 Bf5 9. d3 exd3 10. Bxd3 Bxd3
11. cxd3 h6 12. Nf3 Nb4 13. Qa4+ Qd7 14. Qxd7+ Nxd7 15. Rd1 O-O-O 16. Be3 Nc5 17. d4 Ne6 18. Ne5 Nc2 19. Rac1 Nxe3 20. fxe3 Rdf8
21. d5 Nc5 22. Ne4 b6 23. b4 f5 24. bxc5 fxe4 25. cxb6+ Kb7 26. Rc7+ Kxb6 27. Rxe7
1-0

[Event "nurmalso scandinavian opening"]
[Site "SchemingMind.com"]
[Date "2017.06.14"]
[Round "-"]
[White "David Perna-Fraser"]
[Black "anne"]
[Result "0-1"]
[WhiteCountry "CAN"]
[BlackCountry "GER"]
[WhiteElo "2052"]
[WhiteRD "72"]
[BlackElo "2273"]
[BlackRD "90"]
[GameID "415129"]

1. e4 d5 2. exd5 Nf6 3. d4 Qxd5 4. Nc3 Qa5 5. Bd2 Bg4 6. Be2 Bxe2 7. Qxe2 Nc6 8. Nf3 e6 9. Ne4 Qf5 10. Nxf6+ gxf6
11. O-O-O O-O-O 12. Bc3 a6 13. Kb1 Be7 14. h3 h5 15. Qd3 Qxd3 16. Rxd3 Rd7 17. Rhd1 Rhd8 18. Kc1 b5 19. a3 a5 20. g3 b4
21. axb4 axb4 22. Be1 Kb7 23. c4 Na5 24. b3 e5 25. Nh4 Rxd4 26. Kc2 Nxb3 27. Rxd4 Nxd4+ 28. Kb2 Ra8 29. Bd2 b3
0-1

[Event "nurmalso scandinavian opening"]
[Site "SchemingMind.com"]
[Date "2017.06.19"]
[Round "-"]
[White "maro"]
[Black "David Perna-Fraser"]
[Result "0-1"]
[WhiteCountry "MEX"]
[BlackCountry "CAN"]
[WhiteElo "1372"]
[WhiteRD "69"]
[BlackElo "2052"]
[BlackRD "72"]
[GameID "415130"]

1. e4 d5 2. d3 e5 3. exd5 Nf6 4. Bg5 Qxd5 5. Nc3 Qa5 6. Bxf6 gxf6 7. Be2 Bb4 8. Qd2 Be6 9. Nf3 Rg8 10. Qh6 Bxc3+
11. bxc3 Qxc3+ 12. Nd2 Qxa1+ 13. Bd1 Bg4 14. f3 Be6 15. O-O Qd4+ 16. Kh1 Nd7 17. Nb3 Bxb3 18. axb3 O-O-O 19. Qd2 Rg6 20. c4 Rdg8
21. Rf2 Nc5 22. Qc2 Nxd3 23. Rd2 e4 24. fxe4 Qxe4 25. Re2 Qf4 26. h3 Qf1+ 27. Kh2 Nf4
0-1

[Event "nurmalso scandinavian opening"]
[Site "SchemingMind.com"]
[Date "2017.06.19"]
[Round "-"]
[White "David Perna-Fraser"]
[Black "maro"]
[Result "1-0"]
[WhiteCountry "CAN"]
[BlackCountry "MEX"]
[WhiteElo "2024"]
[WhiteRD "74"]
[BlackElo "1449"]
[BlackRD "70"]
[GameID "415131"]

1. e4 d5 2. exd5 Qxd5 3. Nc3 Qe5+ 4. Be2 Bf5 5. Nf3 Qa5 6. O-O e5 7. Re1 Nf6 8. Nxe5 c6 9. Bc4 Be7 10. Nxf7 Rf8
11. Nd6+ Kd7 12. Nxf5 g6 13. Rxe7+ Kc8 14. Be6+ Nbd7 15. Nd6+ Kc7 16. Qe2 Rad8 17. Nf7 Rde8 18. Rxe8 Nxe8 19. Bxd7 Kxd7 20. Ne5+ Kc7
21. Nc4 Qg5 22. d4 Qh4 23. Qe5+ Kc8 24. Qe6+ Kb8 25. Be3 Nc7 26. Qd6 Rc8 27. Na5 Qd8 28. Qxd8 Rxd8 29. h3 Ne6 30. Rd1 Kc7
31. d5 cxd5 32. Rxd5 Rxd5 33. Nxd5+ Kd6 34. Nf6 b6 35. Nc4+ Ke7 36. Nxh7
1-0

[Event "nurmalso scandinavian opening"]
[Site "SchemingMind.com"]
[Date "2017.06.15"]
[Round "-"]
[White "Scooter"]
[Black "David Perna-Fraser"]
[Result "0-1"]
[WhiteCountry "USA"]
[BlackCountry "CAN"]
[WhiteElo "1732"]
[WhiteRD "51"]
[BlackElo "2227"]
[BlackRD "77"]
[GameID "415132"]

1. e4 d5 2. exd5 Nf6 3. Nc3 Nxd5 4. Nge2 e6 5. Nxd5 exd5 6. g3 c5 7. Bg2 Nc6 8. O-O Bd6 9. Bxd5 Bg4 10. f3 Bf5
11. d3 O-O 12. Bxc6 bxc6 13. Bf4 Re8 14. Bxd6 Qxd6 15. Nc3 Bh3 16. Re1 Qd4+ 17. Kh1 Qf2 18. Rg1 Re1 19. Qxe1 Qxf3+
0-1

[Event "nurmalso scandinavian opening"]
[Site "SchemingMind.com"]
[Date "2017.06.16"]
[Round "-"]
[White "David Perna-Fraser"]
[Black "Scooter"]
[Result "1-0"]
[WhiteCountry "CAN"]
[BlackCountry "USA"]
[WhiteElo "2227"]
[WhiteRD "77"]
[BlackElo "1732"]
[BlackRD "51"]
[GameID "415133"]

1. e4 d5 2. exd5 Qxd5 3. Nc3 Qd8 4. d4 Nf6 5. Nf3 g6 6. Be2 Bg7 7. O-O O-O 8. Bf4 e6 9. Re1 b6 10. Ne5 Bb7
11. Bf3 Bxf3 12. Qxf3 Nd5 13. Nxd5 Qxd5 14. Qxd5 exd5 15. c3 Bxe5 16. Bxe5 c6 17. Re3 f6 18. Bxb8 Raxb8 19. Re7 Rf7 20. Rae1 Kf8
21. R7e6 Rbb7 22. Rxc6
1-0

[Event "nurmalso scandinavian opening"]
[Site "SchemingMind.com"]
[Date "2017.06.15"]
[Round "-"]
[White "frankly"]
[Black "David Perna-Fraser"]
[Result "1-0"]
[WhiteCountry "ENG"]
[BlackCountry "CAN"]
[WhiteElo "2543"]
[WhiteRD "60"]
[BlackElo "2052"]
[BlackRD "72"]
[GameID "415134"]

1. e4 d5 2. exd5 Nf6 3. Nf3 Nxd5 4. d4 c6 5. c4 Nf6 6. Nc3 g6 7. h3 Bg7 8. Bd3 Nh5 9. Bc2 Na6 10. O-O Nb4
11. Bb3 O-O 12. Re1 a5 13. Qe2 Re8 14. Be3 Qc7 15. a3 Na6 16. Rad1 e5 17. dxe5 Bxe5 18. Nxe5 Qxe5 19. Qd2 Qc7 20. g4 Ng7
21. Bf4 Rxe1+ 22. Qxe1 Qb6 23. Na4
1-0

[Event "nurmalso scandinavian opening"]
[Site "SchemingMind.com"]
[Date "2017.06.15"]
[Round "-"]
[White "David Perna-Fraser"]
[Black "frankly"]
[Result "1/2-1/2"]
[WhiteCountry "CAN"]
[BlackCountry "ENG"]
[WhiteElo "2154"]
[WhiteRD "78"]
[BlackElo "2533"]
[BlackRD "59"]
[GameID "415135"]

1. e4 d5 2. exd5 Nf6 3. d4 Nxd5 4. c4 Nb6 5. Nf3 g6 6. Nc3 Bg7 7. Be3 O-O 8. Be2 Bg4 9. h3 Bxf3 10. Bxf3 Nc6
11. Bxc6 bxc6 12. b3 c5 13. Ne2 cxd4 14. Bxd4 e5 15. Bc5 Re8 16. Qxd8 Raxd8 17. Rd1 f5 18. Nc3 Bf8 19. Bxf8 Kxf8 20. Nb5 Rxd1+
21. Kxd1 Rc8=
1/2-1/2

[Event "nurmalso scandinavian opening"]
[Site "SchemingMind.com"]
[Date "2017.06.16"]
[Round "-"]
[White "David Perna-Fraser"]
[Black "Chivas"]
[Result "0-1"]
[WhiteCountry "CAN"]
[BlackCountry "NOR"]
[WhiteElo "2003"]
[WhiteRD "72"]
[BlackElo "2062"]
[BlackRD "135"]
[GameID "415136"]

1. e4 d5 2. exd5 Nf6 3. Nc3 Nxd5 4. Nxd5 Qxd5 5. Nf3 Bg4 6. Be2 Nc6 7. h3 Bh5 8. d4 O-O-O 9. c3 e5 10. Nxe5 Nxe5
11. Bxh5 Qxg2 12. Bg4+ f5 13. Bxf5+ Kb8
0-1

[Event "nurmalso scandinavian opening"]
[Site "SchemingMind.com"]
[Date "2017.06.17"]
[Round "-"]
[White "Chivas"]
[Black "David Perna-Fraser"]
[Result "1-0"]
[WhiteCountry "NOR"]
[BlackCountry "CAN"]
[WhiteElo "2062"]
[WhiteRD "135"]
[BlackElo "2003"]
[BlackRD "72"]
[GameID "415137"]

1. e4 d5 2. exd5 Nf6 3. c4 c6 4. d4 cxd5 5. Nc3 Nc6 6. Bg5 e6 7. Nf3 h6 8. Bxf6 Qxf6 9. cxd5 exd5 10. Nxd5 Bb4+
11. Nxb4 Qe7+ 12. Qe2 Qxe2+ 13. Bxe2 Nxb4 14. O-O Be6 15. Bb5+ Ke7 16. a3 Nd5 17. Rfe1 Kd6 18. Ne5 a6 19. Bd3 Rac8 20. g3 b5
21. f4 h5 22. f5 f6 23. Ng6 Bf7 24. Nxh8
1-0

[Event "nurmalso scandinavian opening"]
[Site "SchemingMind.com"]
[Date "2017.06.15"]
[Round "-"]
[White "anne"]
[Black "kenneth m day"]
[Result "1-0"]
[WhiteCountry "GER"]
[BlackCountry "USA"]
[WhiteElo "2273"]
[WhiteRD "90"]
[BlackElo "1703"]
[BlackRD "62"]
[GameID "415146"]

1. e4 d5 2. exd5 Qxd5 3. Nc3 Qd6 4. d4 Nf6 5. Nf3 Bg4 6. h3 Bxf3 7. Qxf3 Nc6 8. Be3 e6 9. O-O-O Be7 10. Bf4 Qd7
11. d5 exd5 12. Nxd5 Nxd5 13. Rxd5 Qe6 14. Bc4 O-O 15. Bb3 Qf6 16. Bxc7 Qxf3 17. gxf3 Rac8 18. Bg3 Bf6 19. Rhd1 Rcd8 20. c3 Rxd5
21. Bxd5 Re8 22. Be4 g6 23. Rd6 Kg7 24. Kd2 Be5 25. Rd7 Bxg3 26. fxg3 Na5 27. Bd5 Nc6 28. Rxf7+ Kh6 29. Bxc6 bxc6 30. f4 Rd8+
31. Ke3 a6 32. g4 Rd1 33. g5+
1-0

[Event "nurmalso scandinavian opening"]
[Site "SchemingMind.com"]
[Date "2017.06.15"]
[Round "-"]
[White "kenneth m day"]
[Black "anne"]
[Result "0-1"]
[WhiteCountry "USA"]
[BlackCountry "GER"]
[WhiteElo "1714"]
[WhiteRD "60"]
[BlackElo "2240"]
[BlackRD "90"]
[GameID "415147"]

1. e4 d5 2. exd5 Nf6 3. Nf3 Qxd5 4. Nc3 Qa5 5. d4 c6 6. Bc4 Bf5 7. Bd2 e6 8. Nd5 Qd8 9. Nc3 Bd6 10. O-O O-O
11. Re1 Nbd7 12. a3 Qb6 13. b4 a5 14. bxa5 Rxa5 15. Ne4 Nxe4 16. Bxa5 Qxa5 17. Bd3 Nc3 18. Qd2 Bxd3 19. Qxd3 Nf6 20. g3 c5
21. dxc5 Bxc5 22. Nd4 Rd8
0-1

[Event "nurmalso scandinavian opening"]
[Site "SchemingMind.com"]
[Date "2017.06.19"]
[Round "-"]
[White "maro"]
[Black "kenneth m day"]
[Result "0-1"]
[WhiteCountry "MEX"]
[BlackCountry "USA"]
[WhiteElo "1468"]
[WhiteRD "64"]
[BlackElo "1690"]
[BlackRD "62"]
[GameID "415148"]

1. e4 d5 2. d4 e6 3. e5 c5 4. b3 Nc6 5. Nf3 Nge7 6. dxc5 Nf5 7. Bg5 Qa5+ 8. Bd2 Qxc5 9. Nc3 a6 10. Bd3 g6
11. O-O Bg7 12. Na4 Qe7 13. Nb6 Rb8 14. Re1 O-O 15. Bg5 Qc5 16. Na4 Qa5 17. Bd2 Qc7 18. Bc3 Nce7 19. Bxf5 Nxf5 20. Bd4 Nxd4
21. Nxd4 Bxe5 22. g3 b5 23. Nb2 Bxd4 24. Qxd4 Qxc2 25. Nd3 Qc7 26. Nf4 Bb7 27. h4 Rfe8 28. h5 Qe7 29. hxg6 hxg6 30. Kg2 Rbc8
31. Rh1 e5 32. Qb2 d4+ 33. f3 exf4 34. Qxd4 Rc2+ 35. Kh3 Qg5 36. gxf4 Bc8+ 37. f5 Bxf5+
0-1

[Event "nurmalso scandinavian opening"]
[Site "SchemingMind.com"]
[Date "2017.06.19"]
[Round "-"]
[White "kenneth m day"]
[Black "maro"]
[Result "1-0"]
[WhiteCountry "USA"]
[BlackCountry "MEX"]
[WhiteElo "1714"]
[WhiteRD "60"]
[BlackElo "1397"]
[BlackRD "69"]
[GameID "415149"]

1. e4 d5 2. exd5 Qxd5 3. Nc3 Qe5+ 4. Be2 Bg4 5. d4 Bxe2 6. Ngxe2 Qh5 7. O-O Nf6 8. Qd3 Ng4 9. Bf4 c6 10. Rad1 e6
11. Bg3 Be7 12. Nf4 Qh6 13. Rfe1 Bh4 14. Ne4 Bxg3 15. Qxg3 Nf6 16. Nd6+ Ke7 17. Nf5+
1-0

[Event "nurmalso scandinavian opening"]
[Site "SchemingMind.com"]
[Date "2017.06.16"]
[Round "-"]
[White "Scooter"]
[Black "kenneth m day"]
[Result "0-1"]
[WhiteCountry "USA"]
[BlackCountry "USA"]
[WhiteElo "1739"]
[WhiteRD "53"]
[BlackElo "1671"]
[BlackRD "56"]
[GameID "415150"]

1. e4 d5 2. exd5 Qxd5 3. Nc3 Qd6 4. b3 Nf6 5. Bb2 Nc6 6. Bb5 e5 7. d3 Be7 8. Qf3 Bg4 9. Qe3 O-O 10. h3 Bh5
11. Ne4 Nxe4 12. Qxe4 Bg6 13. Qf3 Qb4+
0-1